000 00620nam a2200229Ia 4500
005 20260429112230.0
008 260429s9999||||xx |||||||||||||| ||und||
020 _a9781680957419
041 _aEnglish
082 _a572.86
_bPAN
100 _aPandey, Prerna
245 0 _aGenetic analysis :
_bintegrating genes and genomes /
_cPrerna Pandey
260 _aUnited States :
_bDelve Publishing,
_c2017.
300 _axix, 239 p.; hb
650 _a Biochemical genetics
650 _a Deoxyribonucleic acid
650 _a DNA
650 _a Genes
650 _a Genomes
650 _aBiochemistry
942 _cTB
999 _c53027
_d53027